000 01276cam a22003617a 4500
003 CHAP
005 20220329142340.0
008 000906d2000 mx r 00110 spa d
010 _a82165
011 _a83137
035 _a93647
040 _cCHAP
090 _aTesis
100 0 0 _aVázquez Lemus, Valeriano.
_9120407
245 1 0 _aEvaluación agronómica y económica del programa de agricultura por contrato en maíz en la región de La Barca, Jal.
_c/por Valeriano Vázquez Lemus
260 _aChapingo, Méx. :
_bEl autor,
_c2000.
300 _a82 h.
502 _aTesis (Ing. Agr. Esp. en Fitotecnia) -- UACH. Departamento de Fitotecnia
590 _aALEPH
_b10
_c20130110
_lUCH01
_h1437
590 _aBATCH-UPD
_b10
_c20130110
_lUCH01
_h0813
590 _aBATCH-UPD
_b10
_c20130410
_lUCH01
_h0450
590 _aBATCH-UPD
_b10
_c20130913
_lUCH01
_h2154
590 _aCONVERSION
_b10
_c20130109
_lUCH01
_h1346
650 1 4 _aAgricultura contractual.
_91944
650 1 4 _aAgricultura de temporal.
_91999
650 1 4 _aMaíz
_xRendimiento.
_971051
650 1 4 _aMaíz
_zJalisco.
_971096
901 _aBK
905 _aLilia Sánchez G.
942 _cFOLL
949 _bBC
_cTES
_d33724000788444
_eTS2
_fc.2
_h36817
_i93647
_si
949 _bBC
_cTES
_d936471
_eTS1
_h36816
_i93647
_sb
999 _c82165
_d82165